000 00682nam a2200205Ii 4500
003 JO-AjNU
008 230605s9999||||xx |||||||||||||| ||und||
017 _a2008/9/3185
040 _aJO-AjNU
_bara
_erda
_cJO-AjNU
041 _aara
050 1 4 _aHD30.28.K376.2009
100 3 _aالكرخي،مجيد,
_eauthor
_931620
245 0 0 _aالتخطيط الاستراتيجي عرض نظري وتطبيقي
264 3 1 _aعمان:دار المناهج للنشر والتوزيع،2009
300 _a386ص
336 _atext
_btxt
_2rdacontent
337 _aunmediated
_bn
_2rdamedia
338 _avolume
_bnc
_2rdacarrier
650 4 _aالتخطيط الاستراتيجي
_931621
999 _aA12667
_c16235
_d16235